000 00432nam a2200157 i 4500
001 78568
003 ES-MaACL
005 20230906173740.0
007 t|
008 041014s1947 sp ||||1| spa d
100 1 _aHeart, H.
_962247
245 1 0 _aProntuario del mecánico /
_cpor H. Heart.
260 _aBarcelona :
_bJuan Bruguer,
_c1947 (
_fModerna)
300 _a238 p. :
_bil. ;
_c17 cm.
852 _aES-MaACL
_jC-13515
_bR.40830
999 _c78568
_d78568